000 00617pam a2200229 a 4500
001 1021366
005 20180131032829.0
008 881027s1989 paua b 001 0 eng c
010 _a 88027255
020 _a0812111710
040 _aDNLM/DLC
_cDLC
_dDLC
041 _aeng
060 0 0 _aSF 951 P962
080 _a636.10896075 BRO
082 0 0 _a636.10896075 BRO
_219
100 _a3
101 _aSHM
245 0 0 _aProblems in equine medicine /
_cedited by Christopher M. Brown.
504 _aIncludes bibliographical references.
906 _a7
_bcbc
_corignew
_d1
_eocip
_f19
_gy-gencatlg
942 _2ddc
_cBK
999 _c41310
_d41310